Zázraky sa dejú. /

Saved in:
Bibliographic Details
Main Authors: Mac Kenna, Briege (Author), Libersat, Henry (Author)
Format: Book
Language:Slovak
English
Published: Bratislava : Serafín, vydavateľstvo františkánskej rehole, 1995
Edition:1. vyd.
Subjects:
ISBN: 8085310449 (brož.)
Physical Description: 160 s.
Tags: Add Tag
No Tags, Be the first to tag this record!

MARC

LEADER 00000nam a2200000 a 4500
001 000048310
003 SVKK
005 19951024000000.0
008 950629s1995 xo e sloo
020 |a 8085310449 (brož.) 
040 |a SVKKK  |b slo  |c SVKKK  |e AACR2 
041 1 |a slo  |h eng 
044 |a xo  |c SK 
080 |a 232.3  |2 1997 
080 |a 615.852  |2 1997 
100 1 |a Mac Kenna, Briege  |4 aut 
245 1 0 |a Zázraky sa dejú. /  |c Briege Mac Kenna, Henry Libersat 
250 |a 1. vyd. 
260 |a Bratislava :  |b Serafín, vydavateľstvo františkánskej rehole,  |c 1995 
300 |a 160 s. 
653 0 |a uzdravenia  |2 SVKKKPH 
653 0 |a zázraky  |2 SVKKKPH 
653 0 |a Ježiš Kristus  |2 SVKKKPH 
655 7 |a monografie  |2 SVKKKPH 
700 1 |a Libersat, Henry  |4 aut 
910 |a svkkk 
919 |a 80-85310-44-9 
974 |a MI  |d 19951024 
974 |a PA  |d 19951024 
974 |a PA  |d 19951024 
998 |a BK 
090 |g SCKHL  |k Sklad Pribinova 2. posch.  |a III.168487  |j 884910  |i 2720086447  |s Absenčne